[Event "Ambes op 1st"]
[Site "Ambes"]
[Date "2007.04.12"]
[Round "7"]
[White "Belair, Maxime"]
[Black "Espinasseau, Jerome"]
[Result "1/2-1/2"]
[WhiteElo "1199"]
[BlackElo "1499"]
[PlyCount "109"]
[EventDate "2007.04.07"]
[EventType "swiss"]
[EventRounds "11"]
[EventCountry "FRA"]
[SourceTitle "CBM 117 Extra"]
[Source "ChessBase"]
[SourceDate "2007.05.09"]
[SourceVersion "1"]
[SourceVersionDate "2007.05.09"]
[SourceQuality "1"]

1. e4 c6 2. d4 d5 3. f3 e6 4. Nc3 Bd6 5. Bd3 Ne7 6. Nge2 Nd7 7. Bf4 e5 8. Bxe5 Nxe5 9. dxe5 Bxe5 10. f4 Bd6 11. 0-0 Bg4 12. exd5 cxd5 13. Bb5+ Nc6 14. Qxd5 0-0 15. Rad1 Qb6+ 16. Kh1 Rad8 17. Ne4 Be7 18. Qb3 Bxe2 19. Bxe2 Nd4 20. Qxb6 axb6 21. Rd2 f5 22. Ng3 Rfe8 23. Re1 Ne6 24. Rxd8 Rxd8 25. Bc4 Kf8 26. Bxe6 Rd2 27. Bxf5 g6 28. Be4 Bc5 29. Bxb7 Rxc2 30. Ne4 Bd4 31. Nd6 Bxb2 32. Bd5 Rd2 33. Nc4 Rxd5 34. Nxb2 Rd2 35. Nc4 Rxa2 36. Nxb6 Kf7 37. Kg1 Kf6 38. Nd5+ Kf5 39. h3 Rd2 40. Ne7+ Kxf4 41. Rf1+ Kg3 42. Rc1 Rxg2+ 43. Kf1 Rh2 44. Rc3+ Kh4 45. Kg1 Rxh3 46. Rxh3+ Kxh3 47. Nd5 Kg3 48. Nf6 h6 49. Ne4+ Kf4 50. Nd2 g5 51. Kg2 g4 52. Nf1 h5 53. Nh2 h4 54. Nxg4 Kxg4 55. Kh2 1/2-1/2

[Event "Ambes op 1st"]
[Site "Ambes"]
[Date "2007.04.10"]
[Round "5"]
[White "Curely, Etienne"]
[Black "Espinasseau, Jerome"]
[Result "1-0"]
[WhiteElo "1780"]
[BlackElo "1499"]
[PlyCount "65"]
[EventDate "2007.04.07"]
[EventType "swiss"]
[EventRounds "11"]
[EventCountry "FRA"]
[SourceTitle "CBM 117 Extra"]
[Source "ChessBase"]
[SourceDate "2007.05.09"]
[SourceVersion "1"]
[SourceVersionDate "2007.05.09"]
[SourceQuality "1"]

1. e4 c6 2. d4 d5 3. Nc3 g6 4. Nf3 Bg4 5. Be3 Bg7 6. Be2 Bxf3 7. Bxf3 e5 8. exd5 exd4 9. Bxd4 Qe7+ 10. Be2 Nf6 11. dxc6 bxc6 12. 0-0 0-0 13. Bxf6 Bxf6 14. Re1 Nd7 15. Bf3 Ne5 16. Bxc6 Rad8 17. Qb1 Rd6 18. Bd5 Qd8 19. Bb3 Re8 20. Ne4 Rb6 21. a4 Qc7 22. f4 Ng4 23. Nxf6+ Nxf6 24. Rxe8+ Nxe8 25. Qf1 Rf6 26. g3 Nd6 27. Qf2 a5 28. Qd4 Kg7 29. g4 h6 30. g5 hxg5 31. fxg5 Nf5 32. Qxf6+ Kh7 33. Qxf7+ 1-0

[Event "Ambes op 1st"]
[Site "Ambes"]
[Date "2007.04.07"]
[Round "1"]
[White "Teyssier, Jean Paul"]
[Black "Espinasseau, Jerome"]
[Result "0-1"]
[WhiteElo "1791"]
[BlackElo "1499"]
[PlyCount "48"]
[EventDate "2007.04.07"]
[EventType "swiss"]
[EventRounds "11"]
[EventCountry "FRA"]
[SourceTitle "CBM 117 Extra"]
[Source "ChessBase"]
[SourceDate "2007.05.09"]
[SourceVersion "1"]
[SourceVersionDate "2007.05.09"]
[SourceQuality "1"]

1. e4 e5 2. Nf3 d6 3. d4 Nc6 4. dxe5 Bg4 5. Bc4 Bxf3 6. gxf3 Nxe5 7. Bb3 g6 8. Be3 Bg7 9. Bd4 Qd7 10. c3 c5 11. Be3 Ne7 12. h3 Rc8 13. f4 N5c6 14. Na3 0-0 15. Bxc5 Rfd8 16. Be3 a6 17. Bb6 Re8 18. Qg4 Nf5 19. 0-0-0 Rxe4 20. Bc2 Rxf4 21. Bxf5 Rxf5 22. Nc2 Ne5 23. Qb4 Nc4 24. Kb1 Rb5 0-1